000 00271nam a22001217a 4500
008 170609b xxu||||| |||| 00| 0 eng d
041 _aeng
080 _a32
100 _a19
101 _aSHP
245 _aTHE SPIRIT OF CHINESE POLITICS
_cPYE.LW
942 _2udc
_cBK
999 _c16598
_d16598